Defectos y roturas en recipientes a presión y tuberías
Gorde:
| Egile nagusia: | |
|---|---|
| Formatua: | Liburua |
| Hizkuntza: | gaztelania |
| Argitaratua: |
Bilbao
Urmo
1969
|
| Gaiak: | |
| Etiketak: |
Etiketa erantsi
Etiketarik gabe, Izan zaitez lehena erregistro honi etiketa jartzen!
|
MARC
| LEADER | 00000nam a2200000 a 4500 | ||
|---|---|---|---|
| 001 | UCP2183 | ||
| 003 | CL-VaPUC | ||
| 008 | 990507e19690000SP |||||||||||||||||spa|d | ||
| 082 | 0 | 4 | |a 620.112 |b THI |2 21 |
| 100 | 0 | |a Thielsch, Helmut |e author |9 428725 | |
| 245 | 1 | 0 | |a Defectos y roturas en recipientes a presión y tuberías |
| 300 | |a 440 p | ||
| 942 | |c BK | ||
| 945 | |d 19990507 00:00:00 |a cmena | ||
| 260 | |a Bilbao |b Urmo |c 1969 | ||
| 650 | 0 | |a Resistencia de materiales |9 260095 | |
| 650 | 0 | |a Depósitos de almacenamiento |9 363854 | |
| 650 | 7 | |a ESTANQUES |2 CL-VaPUC |9 358473 | |
| 650 | 0 | |a Propiedades mecánicas |9 262507 | |
| 650 | 0 | |a Sistemas de seguridad |9 379885 | |
| 583 | |a last modification |c 19990507 00:00:00 |k Rodrigo Vera | ||
| 999 | |c 280765 |d 280763 | ||